000 00670nam a2200217Ii 4500
003 JO-AjNU
008 230605s9999||||xx |||||||||||||| ||und||
017 _a2000/8871
020 _a977-04-3000
040 _aJO-AjNU
_bara
_erda
_cJO-AjNU
041 _aara
050 1 4 _ak845 2000
100 3 _aخيال، محمود السيد عبد المعطي,
_eauthor
_947204
245 0 0 _aالتعاقد عن طريق التلفزيون
264 3 1 _aمصر: د.ن، 2000
300 _a163ص
336 _atext
_btxt
_2rdacontent
337 _aunmediated
_bn
_2rdamedia
338 _avolume
_bnc
_2rdacarrier
650 4 _aالتلفزيون - عقود - قانون
_947205
999 _aA20590
_c24158
_d24158